000 00676nam a22001577a 4500
008 090707t xxu||||| |||| 00| 0 eng d
082 _222
_a338.634
_bRES
245 _aHandbook of Reserved Small Cottage & Tiny Industries/
_cBy SBP board of consultants & engineering
250 _a9th ed. completely rev.
260 _aNew Delhi:
_bSBP,
_c1992
300 _a908p.:
_bill.;
_c26 cm.
490 _aSBP Industrial Technology Book Series;
_vNo. 74
650 _97666
_aCottage industries
942 _2ddc
_cBB
999 _c12226
_d12226